<?xml version="1.0" encoding="UTF-8"?>
<record
    xmlns:xsi="http://www.w3.org/2001/XMLSchema-instance"
    xsi:schemaLocation="http://www.loc.gov/MARC21/slim http://www.loc.gov/standards/marcxml/schema/MARC21slim.xsd"
    xmlns="http://www.loc.gov/MARC21/slim">

  <leader>00442nam a22001697a 4500</leader>
  <controlfield tag="003">OSt</controlfield>
  <controlfield tag="008">250403b        |||||||| |||| 00| 0 eng d</controlfield>
  <datafield tag="020" ind1=" " ind2=" ">
    <subfield code="a">9789356226944</subfield>
  </datafield>
  <datafield tag="082" ind1=" " ind2=" ">
    <subfield code="a">331.0954 GUI</subfield>
  </datafield>
  <datafield tag="100" ind1=" " ind2=" ">
    <subfield code="a">GUPTA, Parul</subfield>
  </datafield>
  <datafield tag="245" ind1=" " ind2=" ">
    <subfield code="a">Industrial Relations &amp; Labour Laws for Managers</subfield>
  </datafield>
  <datafield tag="250" ind1=" " ind2=" ">
    <subfield code="a">2nd. ed.,</subfield>
  </datafield>
  <datafield tag="260" ind1=" " ind2=" ">
    <subfield code="a">New Delhi,</subfield>
    <subfield code="b">Taxmann's Publications Pvt. Ltd.</subfield>
    <subfield code="c">2023,</subfield>
  </datafield>
  <datafield tag="300" ind1=" " ind2=" ">
    <subfield code="a">584 p.</subfield>
  </datafield>
  <datafield tag="650" ind1=" " ind2=" ">
    <subfield code="a">Commerce</subfield>
  </datafield>
  <datafield tag="942" ind1=" " ind2=" ">
    <subfield code="2">ddc</subfield>
    <subfield code="c">BK</subfield>
  </datafield>
  <datafield tag="999" ind1=" " ind2=" ">
    <subfield code="c">13243</subfield>
    <subfield code="d">13243</subfield>
  </datafield>
  <datafield tag="952" ind1=" " ind2=" ">
    <subfield code="0">0</subfield>
    <subfield code="1">0</subfield>
    <subfield code="2">ddc</subfield>
    <subfield code="4">0</subfield>
    <subfield code="7">0</subfield>
    <subfield code="8">B.Com. Hons</subfield>
    <subfield code="a">PIETNCR</subfield>
    <subfield code="b">PIETNCR</subfield>
    <subfield code="d">2025-03-28</subfield>
    <subfield code="e">Zafaa Books &amp; Distributers</subfield>
    <subfield code="f">In Rupees</subfield>
    <subfield code="g">750.00</subfield>
    <subfield code="k">ZBD0583</subfield>
    <subfield code="l">0</subfield>
    <subfield code="o">331.0954 GUI</subfield>
    <subfield code="p">N3848</subfield>
    <subfield code="r">2025-04-03 00:00:00</subfield>
    <subfield code="v">525.00</subfield>
    <subfield code="w">2025-03-28</subfield>
    <subfield code="y">REF</subfield>
  </datafield>
  <datafield tag="952" ind1=" " ind2=" ">
    <subfield code="0">0</subfield>
    <subfield code="1">0</subfield>
    <subfield code="2">ddc</subfield>
    <subfield code="4">0</subfield>
    <subfield code="7">0</subfield>
    <subfield code="8">B.Com. Hons</subfield>
    <subfield code="a">PIETNCR</subfield>
    <subfield code="b">PIETNCR</subfield>
    <subfield code="d">2025-03-28</subfield>
    <subfield code="e">Zafaa Books &amp; Distributers</subfield>
    <subfield code="f">In Rupees</subfield>
    <subfield code="g">750.00</subfield>
    <subfield code="k">ZBD0583</subfield>
    <subfield code="l">0</subfield>
    <subfield code="o">331.0954 GUI</subfield>
    <subfield code="p">N3849</subfield>
    <subfield code="r">2025-04-03 00:00:00</subfield>
    <subfield code="v">525.00</subfield>
    <subfield code="w">2025-03-28</subfield>
    <subfield code="y">BK</subfield>
  </datafield>
  <datafield tag="952" ind1=" " ind2=" ">
    <subfield code="0">0</subfield>
    <subfield code="1">0</subfield>
    <subfield code="2">ddc</subfield>
    <subfield code="4">0</subfield>
    <subfield code="7">0</subfield>
    <subfield code="8">B.Com. Hons</subfield>
    <subfield code="a">PIETNCR</subfield>
    <subfield code="b">PIETNCR</subfield>
    <subfield code="d">2025-03-28</subfield>
    <subfield code="e">Zafaa Books &amp; Distributers</subfield>
    <subfield code="f">In Rupees</subfield>
    <subfield code="g">750.00</subfield>
    <subfield code="k">ZBD0583</subfield>
    <subfield code="l">0</subfield>
    <subfield code="o">331.0954 GUI</subfield>
    <subfield code="p">N3850</subfield>
    <subfield code="r">2025-04-03 00:00:00</subfield>
    <subfield code="v">525.00</subfield>
    <subfield code="w">2025-03-28</subfield>
    <subfield code="y">BK</subfield>
  </datafield>
</record>
